[Event "POL-chT U19 2nd League"]
[Site "Szczyrk"]
[Date "2014.07.26"]
[Round "2.74"]
[White "Witczak, Jakub"]
[Black "Kucza, Jan"]
[Result "1-0"]
[WhiteElo "1828"]
[BlackElo "1460"]
[PlyCount "121"]
[EventDate "2014.07.25"]
[EventType "team-swiss"]
[EventRounds "11"]
[EventCountry "POL"]
[SourceTitle "EXT 2015"]
[Source "ChessBase"]
[SourceDate "2014.11.20"]
[SourceVersion "1"]
[SourceVersionDate "2014.11.20"]
[SourceQuality "1"]
[WhiteTeam "Gorzow Wielkopolski Stilon U19 II"]
[BlackTeam "Rybnik MKSz U19 II"]
[WhiteTeamCountry "POL"]
[BlackTeamCountry "POL"]

1. e4 c5 2. Nf3 Nc6 3. d4 cxd4 4. Nxd4 Nf6 5. Nc3 e6 6. Ndb5 Bb4 7. a3 Bxc3+ 8. Nxc3 d5 9. exd5 exd5 10. Bd3 0-0 11. 0-0 Bg4 12. f3 d4 13. Ne2 Bh5 14. Bg5 Qd6 15. Qd2 Bg6 16. Rad1 Rad8 17. Ng3 Bxd3 18. Qxd3 Ne5 19. Qf5 Nc4 20. b3 Nxa3 21. Nh5 Nxh5 22. Bxd8 Rxd8 23. Qxh5 Nxc2 24. Rd3 Nb4 25. Rd2 d3 26. Rfd1 Qd4+ 27. Kh1 Rd5 28. Re1 g6 29. Qg4 Qc3 30. Qf4 Rf5 31. Qe3 Nd5 32. Qxd3 Qxd3 33. Rxd3 Nf4 34. Rd8+ Kg7 35. Rd7 Rb5 36. g3 Nd5 37. Re5 Nc3 38. Rxb5 Nxb5 39. Rxb7 Nd4 40. Kg2 a5 41. Kf2 Kf6 42. Ke3 Nc2+ 43. Ke4 Ke6 44. Rb5 f5+ 45. Kd3 Nb4+ 46. Kc4 Nc6 47. Kc5 Ne5 48. f4 Ng4 49. Rxa5 Nxh2 50. Ra6+ Kf7 51. Ra7+ Kg8 52. b4 Nf1 53. Ra3 Nd2 54. b5 Ne4+ 55. Kc6 Kg7 56. b6 Kh6 57. b7 Kh5 58. b8Q h6 59. Qe8 Nf6 60. Qe2+ Ng4 61. Kb7 1-0

[Event "POL-chT U19 2nd League"]
[Site "Szczyrk"]
[Date "2014.07.25"]
[Round "1.8"]
[White "Maj, Kornel"]
[Black "Witczak, Jakub"]
[Result "1-0"]
[WhiteElo "1907"]
[BlackElo "1828"]
[PlyCount "85"]
[EventDate "2014.07.25"]
[EventType "team-swiss"]
[EventRounds "11"]
[EventCountry "POL"]
[SourceTitle "EXT 2015"]
[Source "ChessBase"]
[SourceDate "2014.11.20"]
[SourceVersion "1"]
[SourceVersionDate "2014.11.20"]
[SourceQuality "1"]
[WhiteTeam "Rydultowy Ognisko U19"]
[BlackTeam "Gorzow Wielkopolski Stilon U19 II"]
[WhiteTeamCountry "POL"]
[BlackTeamCountry "POL"]

1. d4 Nf6 2. c4 e6 3. g3 Bb4+ 4. Bd2 Qe7 5. Nf3 b6 6. Bg2 Bb7 7. 0-0 Bxd2 8. Nbxd2 0-0 9. Qc2 c5 10. e4 cxd4 11. e5 Ne8 12. Ng5 Qxg5 13. Bxb7 Nc7 14. Bxa8 Nxa8 15. f4 Qe7 16. Ne4 f6 17. exf6 gxf6 18. a3 Nc7 19. Rad1 Nc6 20. b4 a6 21. Rd3 Kh8 22. g4 b5 23. cxb5 axb5 24. g5 fxg5 25. fxg5 Rxf1+ 26. Kxf1 Nd5 27. Qf2 Ne3+ 28. Kg1 d5 29. Nf6 Qg7 30. Qh4 Ne5 31. Qh5 Qxg5+ 32. Qxg5 Nf3+ 33. Kf2 Nxg5 34. Rxd4 e5 35. Kxe3 exd4+ 36. Kxd4 Kg7 37. Nxh7 Nf3+ 38. Kxd5 Kxh7 39. Kc5 Nxh2 40. Kxb5 Nf3 41. a4 Nd4+ 42. Kc5 Ne6+ 43. Kb6 1-0

[Event "POL-chT U19 44th"]
[Site "Karpacz"]
[Date "2013.07.25"]
[Round "4"]
[White "Witczak, Jakub"]
[Black "Nowak, Kamil"]
[Result "1-0"]
[WhiteElo "1816"]
[BlackElo "1786"]
[PlyCount "97"]
[EventDate "2013.07.22"]
[EventType "team-tourn"]
[EventRounds "9"]
[EventCountry "POL"]
[SourceTitle "EXT 2014"]
[Source "ChessBase"]
[SourceDate "2013.11.20"]
[SourceVersion "1"]
[SourceVersionDate "2013.11.20"]
[SourceQuality "1"]
[WhiteTeam "Gorzow Wielkopolski Stilon U19"]
[BlackTeam "Wroclaw KS Polonia U19"]
[WhiteTeamCountry "POL"]
[BlackTeamCountry "POL"]

1. e4 c5 2. Nf3 d6 3. d4 cxd4 4. Nxd4 Nf6 5. Nc3 e6 6. Be3 a6 7. Be2 Qc7 8. Qd2 b5 9. Bf3 Bb7 10. a3 Nbd7 11. Bg5 Be7 12. 0-0 Ne5 13. Rfe1 0-0 14. Be2 Nc4 15. Bxc4 Qxc4 16. Kh1 h6 17. Bh4 Rac8 18. f3 Rfe8 19. Bf2 Nd7 20. Nb3 Qc7 21. f4 Bf6 22. Re3 Nb6 23. Na5 Nc4 24. Nxc4 Qxc4 25. Rae1 b4 26. axb4 Qxb4 27. Rd3 Qxb2 28. e5 dxe5 29. Rb1 Qa3 30. Ne4 Qa2 31. Rxb7 Rxc2 32. Qd1 Rec8 33. Rb1 exf4 34. Nxf6+ gxf6 35. Rd8+ Rxd8 36. Qxd8+ Kg7 37. Rb8 Kg6 38. Qd3+ Kg7 39. Qd1 Re2 40. Qd8 Kg6 41. Qd3+ Kg7 42. Qd8 Kg6 43. Qd3+ Kg7 44. Qf3 f5 45. Bg1 e5 46. Qa8 Kg6 47. Rg8+ Kh5 48. Qf3+ Kh4 49. Qh3# 1-0

[Event "POL-chT U19 44th"]
[Site "Karpacz"]
[Date "2013.07.22"]
[Round "1"]
[White "Klementowski, Dawid"]
[Black "Witczak, Jakub"]
[Result "0-1"]
[WhiteElo "1712"]
[BlackElo "1816"]
[PlyCount "108"]
[EventDate "2013.07.22"]
[EventType "team-tourn"]
[EventRounds "9"]
[EventCountry "POL"]
[SourceTitle "EXT 2014"]
[Source "ChessBase"]
[SourceDate "2013.11.20"]
[SourceVersion "1"]
[SourceVersionDate "2013.11.20"]
[SourceQuality "1"]
[WhiteTeam "Rybnik MKSz U19"]
[BlackTeam "Gorzow Wielkopolski Stilon U19"]
[WhiteTeamCountry "POL"]
[BlackTeamCountry "POL"]

1. e4 c5 2. Nf3 d6 3. d4 cxd4 4. Nxd4 Nf6 5. Nc3 Nc6 6. Bg5 Bd7 7. Be2 Qa5 8. Bxf6 gxf6 9. 0-0 Nxd4 10. Qxd4 Rc8 11. Kh1 Qc5 12. Qd2 b5 13. Bd3 Rg8 14. f4 Bc6 15. f5 Qe5 16. a3 Rg5 17. Qe2 a6 18. Rad1 Bh6 19. Rf2 Kd7 20. a4 b4 21. Nd5 Bxd5 22. exd5 Qxe2 23. Rxe2 Rc5 24. Bxa6 Rxf5 25. Bb7 Re5 26. Rf2 Be3 27. Re2 Bd4 28. Rxe5 Bxe5 29. Rd2 Bxb2 30. Kg1 e6 31. dxe6+ fxe6 32. Be4 h6 33. Bd3 d5 34. Bb5+ Kd6 35. Kf1 e5 36. Ke2 Bc1 37. Rd3 e4 38. Rh3 Rxc2+ 39. Kd1 Rc5 40. Rb3 Ba3 41. Rh3 Ke5 42. Rh5+ Kd4 43. Rh3 Rc3 44. a5 b3 45. a6 b2 46. Rxc3 b1Q+ 47. Kd2 e3+ 48. Rxe3 Qc1+ 49. Ke2 Qxe3+ 50. Kf1 Kc3 51. a7 Qxa7 52. h4 Qe3 53. h5 Bc5 54. g4 Qf2# 0-1

[Event "POL Olympiad U14"]
[Site "Walbrzych"]
[Date "2013.??.??"]
[Round "6.3"]
[White "Walter, Szymon"]
[Black "Witczak, Jakub"]
[Result "0-1"]
[WhiteElo "1925"]
[BlackElo "1749"]
[PlyCount "76"]
[EventDate "2013.04.??"]
[EventType "team-swiss"]
[EventRounds "9"]
[EventCountry "POL"]
[SourceTitle "EXT 2014"]
[Source "ChessBase"]
[SourceDate "2013.11.20"]
[SourceVersion "1"]
[SourceVersionDate "2013.11.20"]
[SourceQuality "1"]

1. e4 e5 2. Nf3 Nc6 3. d4 exd4 4. Bc4 Bc5 5. c3 Nf6 6. cxd4 Bb4+ 7. Bd2 Bxd2+ 8. Nbxd2 d5 9. exd5 Nxd5 10. Qb3 Nce7 11. 0-0 0-0 12. Ne5 c6 13. Ne4 Qb6 14. Nc5 Qxb3 15. axb3 Rd8 16. Rfe1 Kf8 17. Rad1 f6 18. Ned3 b6 19. Ne4 Nf5 20. Bxd5 Rxd5 21. Nf4 Rxd4 22. Rxd4 Nxd4 23. Rd1 Ne6 24. Nd3 c5 25. f3 Ba6 26. Ndf2 Be2 27. Rd7 Bb5 28. Rd1 Rd8 29. Rxd8+ Nxd8 30. Nd6 Ba6 31. Nfe4 Nf7 32. Nf5 g6 33. Ne3 f5 34. Nf6 h6 35. Ned5 Bb7 36. Kf2 Ne5 37. Ke3 Kf7 38. Kf4 Ke6 0-1

[Event "POL Olympiad U14"]
[Site "Walbrzych"]
[Date "2013.??.??"]
[Round "9.3"]
[White "Witczak, Jakub"]
[Black "Grela, Kacper"]
[Result "1/2-1/2"]
[WhiteElo "1749"]
[BlackElo "1979"]
[PlyCount "63"]
[EventDate "2013.04.??"]
[EventType "team-swiss"]
[EventRounds "9"]
[EventCountry "POL"]
[SourceTitle "EXT 2014"]
[Source "ChessBase"]
[SourceDate "2013.11.20"]
[SourceVersion "1"]
[SourceVersionDate "2013.11.20"]
[SourceQuality "1"]

1. e4 e5 2. Nf3 Nc6 3. Bb5 a6 4. Ba4 d6 5. Bxc6+ bxc6 6. d4 exd4 7. Qxd4 c5 8. Qd3 g6 9. 0-0 Bg7 10. c4 Ne7 11. Nc3 0-0 12. Bf4 f6 13. Nd5 Bb7 14. Rfe1 Qd7 15. Bd2 Nc6 16. Bc3 Rae8 17. Re2 Qf7 18. Rae1 Bc8 19. a3 Be6 20. b4 cxb4 21. axb4 Ne5 22. Nxe5 dxe5 23. Ra2 c6 24. Nb6 Rd8 25. Qe2 Qb7 26. Na4 Qf7 27. Nb6 Qb7 28. Na4 Qf7 29. Nb6 Qb7 30. Na4 Qf7 31. Nb6 Qb7 32. Na4 1/2-1/2

[Event "POL Olympiad U14"]
[Site "Walbrzych"]
[Date "2013.??.??"]
[Round "2.1"]
[White "Witczak, Jakub"]
[Black "Koziol, Kamil"]
[Result "0-1"]
[WhiteElo "1749"]
[BlackElo "2006"]
[PlyCount "36"]
[EventDate "2013.04.??"]
[EventType "team-swiss"]
[EventRounds "9"]
[EventCountry "POL"]
[SourceTitle "EXT 2014"]
[Source "ChessBase"]
[SourceDate "2013.11.20"]
[SourceVersion "1"]
[SourceVersionDate "2013.11.20"]
[SourceQuality "1"]

1. d4 d5 2. c4 e6 3. Nf3 c5 4. cxd5 exd5 5. Nc3 Nc6 6. Bf4 Nf6 7. e3 c4 8. a3 Be7 9. Ne5 0-0 10. Be2 Na5 11. Qc2 Nb3 12. Rd1 Be6 13. 0-0 Rc8 14. Bf3 Qb6 15. Bg5 Rfd8 16. Ng4 Bxg4 17. Bxg4 Nxg4 18. Bxe7 Qc7 0-1

[Event "POL-chT U19 43th"]
[Site "Suchedniow"]
[Date "2012.07.??"]
[Round "9"]
[White "Klementowski, Dawid"]
[Black "Witczak, Jakub"]
[Result "1-0"]
[WhiteElo "1692"]
[BlackElo "1705"]
[PlyCount "63"]
[EventDate "2012.07.21"]
[EventType "team-tourn"]
[EventRounds "9"]
[EventCountry "POL"]
[SourceTitle "EXT 2014"]
[Source "ChessBase"]
[SourceDate "2013.11.20"]
[SourceVersion "1"]
[SourceVersionDate "2013.11.20"]
[SourceQuality "1"]
[WhiteTeam "Rybnik MKSz U19"]
[BlackTeam "Gorzow Wielkopolski Stilon U19"]
[WhiteTeamCountry "POL"]
[BlackTeamCountry "POL"]

1. e4 c5 2. Nf3 d6 3. c3 Nf6 4. h3 Nbd7 5. Bd3 e6 6. 0-0 Be7 7. Bc2 b6 8. d4 Bb7 9. Re1 Qc7 10. Bg5 h6 11. Bh4 e5 12. Bg3 0-0 13. Na3 a6 14. dxe5 Nxe5 15. Nxe5 dxe5 16. Nc4 Nd7 17. Qh5 Bg5 18. Rad1 Rad8 19. h4 Bf4 20. Bxf4 exf4 21. e5 Qc6 22. f3 Nb8 23. Rxd8 Rxd8 24. Nd6 Qd7 25. Bb3 Kf8 26. Nxf7 Qd2 27. Rf1 Rd7 28. Nd6 g6 29. Qxh6+ Ke7 30. Qg5+ Kf8 31. Qf6+ Rf7 32. Qxf7# 1-0

[Event "Solina Mind Sports U14 op"]
[Site "Solina"]
[Date "2012.04.21"]
[Round "9"]
[White "Lizak, Jakub"]
[Black "Witczak, Jakub"]
[Result "1/2-1/2"]
[WhiteElo "1855"]
[BlackElo "1626"]
[PlyCount "83"]
[EventDate "2012.04.15"]
[EventType "swiss"]
[EventRounds "9"]
[EventCountry "POL"]
[SourceTitle "EXT 2014"]
[Source "ChessBase"]
[SourceDate "2013.11.20"]
[SourceVersion "1"]
[SourceVersionDate "2013.11.20"]
[SourceQuality "1"]

1. e4 c5 2. Nf3 d6 3. d4 cxd4 4. Nxd4 Nf6 5. Nc3 Nc6 6. Bc4 e6 7. Bb3 a6 8. Be3 Be7 9. Qe2 Qc7 10. 0-0-0 0-0 11. g4 Nxd4 12. Bxd4 Nd7 13. h4 Nc5 14. g5 Nxb3+ 15. axb3 b5 16. f4 b4 17. Na4 Bb7 18. Rhf1 Qc6 19. Rde1 f6 20. gxf6 Bxf6 21. Bxf6 Rxf6 22. e5 Rg6 23. Rg1 Rxg1 24. Rxg1 Qf3 25. Qxf3 Bxf3 26. exd6 Rd8 27. Rg3 Bd5 28. Rd3 Rxd6 29. c4 bxc3 30. bxc3 Rc6 31. Kb2 Kf7 32. Re3 Kf6 33. Re5 h6 34. Kc2 Ke7 35. Nb2 Bf3 36. c4 Bg4 37. Kc3 Bf5 38. Nd1 Kf6 39. Ra5 g5 40. hxg5+ hxg5 41. fxg5+ Kxg5 42. c5 1/2-1/2

[Event "Solina Mind Sports U14 op"]
[Site "Solina"]
[Date "2012.04.20"]
[Round "8"]
[White "Witczak, Jakub"]
[Black "Buraczewski, Rafal"]
[Result "1-0"]
[WhiteElo "1626"]
[BlackElo "1719"]
[PlyCount "57"]
[EventDate "2012.04.15"]
[EventType "swiss"]
[EventRounds "9"]
[EventCountry "POL"]
[SourceTitle "EXT 2014"]
[Source "ChessBase"]
[SourceDate "2013.11.20"]
[SourceVersion "1"]
[SourceVersionDate "2013.11.20"]
[SourceQuality "1"]

1. e4 e6 2. d4 d5 3. Nc3 Nf6 4. Bg5 Be7 5. e5 Nfd7 6. Bxe7 Qxe7 7. Qg4 0-0 8. Bd3 c5 9. Nf3 h6 10. dxc5 Nc6 11. Qg3 Qxc5 12. 0-0 a6 13. Rfd1 b5 14. a3 Bb7 15. Ne2 Kh8 16. c3 Rac8 17. Ned4 Qe7 18. Re1 Nc5 19. Bc2 Nd7 20. Nxc6 Bxc6 21. Nd4 Nc5 22. Kh1 Be8 23. b4 Nb7 24. Qd3 g6 25. a4 Qc7 26. Re3 Qb6 27. Rh3 Kg7 28. Qe3 Rh8 29. Nf5+ 1-0

[Event "Solina Mind Sports U14 op"]
[Site "Solina"]
[Date "2012.04.19"]
[Round "6"]
[White "Witczak, Jakub"]
[Black "Smal, Tobiasz"]
[Result "1/2-1/2"]
[WhiteElo "1626"]
[BlackElo "1821"]
[PlyCount "120"]
[EventDate "2012.04.15"]
[EventType "swiss"]
[EventRounds "9"]
[EventCountry "POL"]
[SourceTitle "EXT 2014"]
[Source "ChessBase"]
[SourceDate "2013.11.20"]
[SourceVersion "1"]
[SourceVersionDate "2013.11.20"]
[SourceQuality "1"]

1. e4 c5 2. Nf3 d6 3. d4 cxd4 4. Nxd4 Nf6 5. Nc3 a6 6. Bg5 e6 7. f4 h6 8. Bh4 Qb6 9. a3 Nc6 10. Bf2 Qc7 11. Qf3 Be7 12. 0-0-0 Bd7 13. h3 0-0-0 14. Nb3 Na5 15. Nd4 Nc4 16. Bxc4 Qxc4 17. e5 Ne8 18. Nb3 Qc7 19. Rhe1 Bc6 20. Qg3 b5 21. Ne4 Bd5 22. Rd3 Bxb3 23. Rxb3 Qb7 24. Kb1 g6 25. Qc3+ Kb8 26. exd6 Nxd6 27. Nc5 Qc6 28. Qe5 Ka8 29. Ka2 Nc4 30. Qe4 Qxe4 31. Nxe4 Nd2 32. Rbe3 Nxe4 33. Rxe4 Rd2 34. R1e2 Rhd8 35. Be1 Rxe2 36. Rxe2 Bf6 37. Kb3 Kb7 38. Bc3 Bxc3 39. Kxc3 Kc6 40. b3 Rd1 41. g3 Ra1 42. Kb2 Rg1 43. Re3 g5 44. fxg5 hxg5 45. g4 Rf1 46. a4 bxa4 47. bxa4 Kd5 48. Kc3 Rf4 49. Kb3 a5 50. c3 f5 51. gxf5 exf5 52. Re8 Kc6 53. Rg8 g4 54. hxg4 Rxg4 55. Rf8 Rf4 56. Rf7 Rf1 57. Kc4 Rf4+ 58. Kb3 Kc5 59. Rc7+ Kb6 60. Rf7 Rf1 1/2-1/2

[Event "Solina Mind Sports U14 op"]
[Site "Solina"]
[Date "2012.04.18"]
[Round "5"]
[White "Witczak, Jakub"]
[Black "Zarnowski, Krzysztof"]
[Result "1/2-1/2"]
[WhiteElo "1626"]
[BlackElo "1747"]
[PlyCount "112"]
[EventDate "2012.04.15"]
[EventType "swiss"]
[EventRounds "9"]
[EventCountry "POL"]
[SourceTitle "EXT 2014"]
[Source "ChessBase"]
[SourceDate "2013.11.20"]
[SourceVersion "1"]
[SourceVersionDate "2013.11.20"]
[SourceQuality "1"]

1. e4 c5 2. Nf3 d6 3. d4 cxd4 4. Nxd4 Nf6 5. Nc3 a6 6. Bg5 e5 7. Nb3 Be6 8. Qd2 Nbd7 9. Bd3 Be7 10. 0-0 b5 11. f4 0-0 12. Kh1 Nb6 13. f5 Bc4 14. Qe2 Qc7 15. Be3 Rac8 16. Qf3 b4 17. Bxb6 Qxb6 18. Nd5 Nxd5 19. exd5 Bxd3 20. Qxd3 a5 21. Nd2 Qc7 22. Rac1 Bg5 23. c3 Bxd2 24. Qxd2 Qc4 25. f6 Qh4 26. fxg7 Kxg7 27. Rf3 Kh8 28. Rh3 Qe7 29. Qh6 f5 30. Qg6 bxc3 31. bxc3 e4 32. Rh6 Rcd8 33. h3 e3 34. Re1 f4 35. Qe6 Qg7 36. c4 Rg8 37. Qf6 Qxf6 38. Rxf6 Rgf8 39. Re6 Kg7 40. Kg1 Rfe8 41. Rxe8 Rxe8 42. Kf1 Kf6 43. Ke2 Kf5 44. Rb1 h5 45. Rb5 Rg8 46. Kf1 Rc8 47. Rxa5 Rxc4 48. Ra6 Ke4 49. Rxd6 Rc1+ 50. Ke2 Rc2+ 51. Kf1 Kd3 52. Rc6 Rxa2 53. Rc1 e2+ 54. Ke1 Ra5 55. d6 Rd5 56. Ra1 Rxd6 1/2-1/2

[Event "Solina Mind Sports U14 op"]
[Site "Solina"]
[Date "2012.04.16"]
[Round "2"]
[White "Witczak, Jakub"]
[Black "Maciejewski, Andrzej"]
[Result "1-0"]
[WhiteElo "1626"]
[BlackElo "2334"]
[PlyCount "89"]
[EventDate "2012.04.15"]
[EventType "swiss"]
[EventRounds "9"]
[EventCountry "POL"]
[SourceTitle "EXT 2014"]
[Source "ChessBase"]
[SourceDate "2013.11.20"]
[SourceVersion "1"]
[SourceVersionDate "2013.11.20"]
[SourceQuality "1"]

1. e4 c5 2. Nf3 d6 3. d4 cxd4 4. Nxd4 Nf6 5. Nc3 g6 6. Be3 Bg7 7. f3 0-0 8. Qd2 Nc6 9. 0-0-0 d5 10. Nxc6 bxc6 11. e5 Nd7 12. f4 e6 13. Na4 Re8 14. Nc5 Bf8 15. Nxd7 Qxd7 16. Qc3 a5 17. h4 Bb4 18. Qb3 c5 19. c3 c4 20. Qc2 Bf8 21. Bxc4 Qc6 22. Be2 Ba6 23. Bxa6 Rxa6 24. h5 a4 25. hxg6 hxg6 26. Rh3 a3 27. b3 Bc5 28. Bxc5 Qxc5 29. Rdh1 Kf8 30. Rh7 Qe3+ 31. Qd2 Qe4 32. Qd4 Qxd4 33. Rh8+ Ke7 34. Rxe8+ Kxe8 35. cxd4 Kd7 36. Rh7 Ke7 37. Rh8 Kd7 38. Kd2 Kc6 39. Kc3 Kd7 40. Rf8 Rc6+ 41. Kd2 Rb6 42. Rxf7+ Kc8 43. Ra7 Rb5 44. Rxa3 Kb7 45. Ra4 1-0

[Event "Zakopane op"]
[Site "Zakopane"]
[Date "2011.11.08"]
[Round "4"]
[White "Domusa, Mateusz"]
[Black "Witczak, Jakub"]
[Result "1-0"]
[WhiteElo "1225"]
[BlackElo "1636"]
[PlyCount "117"]
[EventDate "2011.11.06"]
[EventType "swiss"]
[EventRounds "9"]
[EventCountry "POL"]
[SourceTitle "EXT 2013"]
[Source "ChessBase"]
[SourceDate "2012.11.22"]
[SourceVersion "1"]
[SourceVersionDate "2012.11.22"]
[SourceQuality "1"]

1. e4 e5 2. Nf3 Nc6 3. Bc4 Bc5 4. c3 Nf6 5. d4 exd4 6. cxd4 Bb4+ 7. Bd2 Bxd2+ 8. Nbxd2 d5 9. exd5 Nxd5 10. Qb3 Nce7 11. 0-0 0-0 12. Rfe1 c6 13. Ne5 Qb6 14. Qxb6 axb6 15. Ndf3 Bf5 16. a4 f6 17. Nd3 Kh8 18. Nf4 Rfe8 19. Nxd5 Nxd5 20. Rxe8+ Rxe8 21. Kf1 Nb4 22. Re1 Rxe1+ 23. Nxe1 g5 24. Ke2 Kg7 25. Nd3 Nxd3 26. Bxd3 Be6 27. Bc2 Bd5 28. f3 h5 29. h3 h4 30. Kd3 Kf7 31. Kc3 Ke6 32. b3 c5 33. b4 Kd6 34. bxc5+ bxc5 35. dxc5+ Kxc5 36. Be4 Bc6 37. Bxc6 bxc6 38. a5 f5 39. Kd3 Kb5 40. Kd4 c5+ 41. Kd5 c4 42. a6 c3 43. a7 c2 44. a8Q c1Q 45. Qb7+ Ka5 46. Qa8+ Kb5 47. Qe8+ Kb4 48. Qb8+ Ka5 49. Qa7+ Kb5 50. Qb7+ Ka5 51. Qa7+ Kb5 52. Ke6 Qd2 53. Qd7+ Qxd7+ 54. Kxd7 Kc5 55. Ke6 f4 56. Kf5 Kd5 57. Kxg5 Ke5 58. Kxh4 Kf5 59. Kh5 1-0

[Event "Zakopane op"]
[Site "Zakopane"]
[Date "2011.11.06"]
[Round "1"]
[White "Goluch, Piotr"]
[Black "Witczak, Jakub"]
[Result "1-0"]
[WhiteElo "2203"]
[BlackElo "1636"]
[PlyCount "75"]
[EventDate "2011.11.06"]
[EventType "swiss"]
[EventRounds "9"]
[EventCountry "POL"]
[SourceTitle "EXT 2013"]
[Source "ChessBase"]
[SourceDate "2012.11.22"]
[SourceVersion "1"]
[SourceVersionDate "2012.11.22"]
[SourceQuality "1"]

1. d4 d5 2. c4 e6 3. Nc3 Nf6 4. Nf3 Be7 5. g3 0-0 6. Bg2 Nbd7 7. c5 Re8 8. b4 c6 9. Bf4 Nh5 10. Bd2 Qc7 11. 0-0 e5 12. e4 dxe4 13. Nxe5 Nhf6 14. Bf4 Nd5 15. Nxd5 cxd5 16. Nxf7 Qc6 17. Nd6 Rf8 18. b5 Qc7 19. Nf5 Qd8 20. Nxe7+ Qxe7 21. Bd6 Qg5 22. h4 Qg6 23. Bxf8 Nxf8 24. Qb3 Be6 25. c6 bxc6 26. bxc6 Rc8 27. Rac1 Qf6 28. Qe3 Bf7 29. f3 Rxc6 30. Rxc6 Qxc6 31. fxe4 Qe8 32. e5 Ng6 33. Qb3 Ne7 34. Qb7 Be6 35. Rc1 Ng6 36. Bxd5 Bxd5 37. Qxd5+ Kh8 38. Rf1 1-0

[Event "POL-chT U19 1st League"]
[Site "Ustron"]
[Date "2011.??.??"]
[Round "1.4"]
[White "Witczak, Jakub"]
[Black "Wacior, Maciej"]
[Result "0-1"]
[WhiteElo "1579"]
[BlackElo "1668"]
[PlyCount "118"]
[EventDate "2011.06.24"]
[EventType "team-tourn"]
[EventRounds "9"]
[EventCountry "POL"]
[SourceTitle "EXT 2015"]
[Source "ChessBase"]
[SourceDate "2014.11.20"]
[SourceVersion "1"]
[SourceVersionDate "2014.11.20"]
[SourceQuality "1"]
[WhiteTeam "Gorzow Wielkopolski Stilon U19 II"]
[BlackTeam "Grzybowo GKSz Solny U19"]
[WhiteTeamCountry "POL"]
[BlackTeamCountry "POL"]

1. e4 c6 2. d4 d5 3. exd5 cxd5 4. Bd3 Nc6 5. c3 Nf6 6. Bf4 e6 7. Nf3 Bd6 8. Bxd6 Qxd6 9. 0-0 0-0 10. Nbd2 a6 11. a4 Bd7 12. b4 Rfc8 13. Re1 Na7 14. Rc1 Qc6 15. a5 Qd6 16. Nb3 Bb5 17. Nc5 Rc7 18. Ne5 Rac8 19. Bb1 Nc6 20. Re3 h6 21. f4 Kh8 22. g4 Ng8 23. g5 Nxe5 24. Rxe5 Re8 25. Qc2 g6 26. gxh6 Nxh6 27. Qg2 f6 28. Ree1 Qxf4 29. Nxe6 Rxe6 30. Kh1 Rxe1+ 31. Rxe1 Rxc3 32. Qxg6 Qf3+ 33. Kg1 Qg4+ 34. Qxg4 Nxg4 35. Kg2 Rb3 36. Rc1 Ne3+ 37. Kg3 Nc4+ 38. Kg4 Rxb4 39. h4 Bd7+ 40. Kh5 Rb2 41. Rg1 Ne3 42. Kh6 Rh2 43. h5 Bf5 44. Bxf5 Nxf5+ 45. Kg6 Nxd4 46. Kh6 Re2 47. Rc1 Nc6 48. Kg6 d4 49. Rb1 Nxa5 50. Rc1 Nc6 51. Rb1 Re7 52. h6 d3 53. Rf1 d2 54. Rd1 Re2 55. Kxf6 Nd4 56. Kg6 Nf3 57. Rf1 Re1 58. Rxf3 Rg1+ 59. Kh5 d1Q 0-1